000 00506 a2200145 4500
245 _astory of an African farm
_b : a novel
_hprint
020 _a0517568039 :
250 _a1st Crown ed.
700 _aSchreiner, Olive
650 _aAfrican Literature
005 20191017173028.0
260 _anyu
_bCrown
_c1987
084 _aPR9369.2.S37 S7 1987
300 _axxix, 301 p. : ill. (some col.)
_b 27 cm.
_cxxix, 301 p. : ill. (some col.) ; 27 cm.
500 _aby Ralph Iron (Olive Schreiner) ; [with an introduction by Doris Lessing].
999 _c9701
_d9701